000 01837nam a2200313 a 4500
001 BRCA_2961
005 20190320204039.0
008 171208s1905----gw-#---###---#000-0dger-u
041 _ager
044 _agw
084 _a302
_b.H478
_c1905
100 1 _aCervantes Saavedra, Miguel de
_d1547-1616
_9213
245 1 0 _aLeben und Tathen des scharfsinnigen Edlen Don Quixote von la Mancha
_cvon Miguel de Cervantes Saavedra.
260 _aLeipzig (Alemania)
_bMax Hesses
_c[1905?]
300 _a2 v.
_c27 cm.
500 _aContenido : v 1. Primera parte. Retrato de Cervantes. Prefacio. Vida y obra del autor por W. von Wurzbach. Dedicatoria del autor. Prólogo del autor. Versos preliminares. Texto. -- v 2. Segunda parte. Dedicatoria del autor. Prólogo del autor. Texto
500 _aEdición : Übersetzt von Ludwig Tieck. Jubilöums-Ausgabe in 4 Bändem mit I Titelbild. Mit einer biographisch-kritischen Einleitung und erklärenden Anmerkungen von Wolfgang von Wurzbach
500 _aReproducción de la traducción de L. Tieck, con una introducción biográfico-crítica bastante extensa y bien hecha por Wolfgang von Wurzbach, de quien son asimismos las notas. Edición muy bien impresa, publicada con motivo del tercer centenario de la publicación del Quijote (primera parte). Tela; lomeras y cubiertas decoradas con adornos en dorado y negro Lúdovik Osterc
500 _aQM1111
546 _aTexto en : alemán
650 1 4 _aNovela española
_yÉpoca clásica, 1500-1700
_9215
650 1 4 _aLiteratura española
_yÉpoca clásica, 1500-1700
_9216
650 1 4 _aNovela española
_ySiglo XVII
_9217
650 1 4 _aDon Quijote (Personaje ficticio)
_eNovela
_9218
700 1 _aTieck, Johann Ludwig
_d1773-1853
_eTraductor
_98219
740 0 _aEl Ingenioso Hidalgo Don Quijote de la Mancha
902 _aQFM
942 _2lcc
_cB
999 _c2700
_d2700